The British Medical Association (Record no. 2570)

000 -LEADER
fixed length control field nam a22 a 4500
005 - DATE AND TIME OF LATEST TRANSACTION
control field 20170517112910.0
008 - FIXED-LENGTH DATA ELEMENTS--GENERAL INFORMATION
fixed length control field 170517b1999 -uk||||| |||| 00| 0 eng d
020 ## - INTERNATIONAL STANDARD BOOK NUMBER
International Standard Book Number 0751306843
040 ## - CATALOGING SOURCE
Original cataloging agency AKMAL
082 04 - DEWEY DECIMAL CLASSIFICATION NUMBER
Classification number 618.19 LEO
090 ## - LOCALLY ASSIGNED LC-TYPE CALL NUMBER (OCLC); LOCAL CALL NUMBER (RLIN)
Classification number (OCLC) (R) ; Classification number, CALL (RLIN) (NR) 618.19
Local cutter number (OCLC) ; Book number/undivided call number, CALL (RLIN) LEO
100 ## - MAIN ENTRY--PERSONAL NAME
Personal name Dixon, Michael J
9 (RLIN) 5361
245 ## - TITLE STATEMENT
Title The British Medical Association
Remainder of title Family Doctor Guide to Breast Disorders
Statement of responsibility, etc. medical editor Dr. Tony Smith
260 ## - PUBLICATION, DISTRIBUTION, ETC.
Place of publication, distribution, etc. Great Britain
Name of publisher, distributor, etc. Dorling Kinderskey Limited
Date of publication, distribution, etc. 1999
300 ## - PHYSICAL DESCRIPTION
Extent 96p
Dimensions 20cm
700 ## - ADDED ENTRY--PERSONAL NAME
Personal name Robert C.F Leonard
9 (RLIN) 5362
942 ## - ADDED ENTRY ELEMENTS (KOHA)
Source of classification or shelving scheme
Koha item type Book
Holdings
Withdrawn status Lost status Source of classification or shelving scheme Damaged status Not for loan Collection code Home library Current library Shelving location Date acquired Inventory number Total Checkouts Full call number Barcode Date last seen Price effective from Koha item type
          NON-FICTION AKMAL Melaka AKMAL Melaka PINJAMAN 17.05.2017 601903   618.19 LEO 201703381 17.05.2017 17.05.2017 Book
Pusat Sumber Maklumat Dato' Haji Sarmin Md Hussin, Akademi Kastam Diraja Malaysia, Melaka
Tel: 06-2331106 | Faks: 06-2313787